Alle deutschen Städte an der Donau - Statistiken

Allgemein
  • Dieses Quiz wurde 239 mal gespielt
    181 seit der letzten Aktualisierung
  • Das Durchschnittsergebnis liegt bei 13 aus 40
Antwortstatistiken
Einwohner Stadt Bundesland % Korrekt
52.415 Passau Bayern
93%
126.790 Ulm BW
93%
152.270 Regensburg Bayern
87%
136.952 Ingolstadt Bayern
80%
22.118 Donaueschingen BW
78%
58.841 Neu-Ulm Bayern
77%
19.593 Donauwörth Bayern
61%
85.707 Villingen-Schwenningen BW
60%
33.750 Deggendorf Bayern
56%
47.612 Straubing Bayern
56%
29.662 Neuburg an der Donau Bayern
45%
20.958 Günzburg Bayern
44%
19.314 Dillingen an der Donau Bayern
42%
17.125 Sigmaringen BW
39%
16.744 Kelheim Bayern
36%
36.102 Tuttlingen BW
35%
14.493 Neustadt an der Donau Bayern
29%
10.085 Bogen Bayern
26%
16.950 Vilshofen an der Donau Bayern
23%
26.293 Ehingen (Donau) BW
21%
3.615 Mühlheim an der Donau BW
20%
13.684 Erbach (Donau) BW
18%
4.896 Wörth an der Donau Bayern
18%
12.945 St. Georgen im Schwarzwald BW
15%
8.984 Furtwangen im Schwarzwald BW
14%
7.934 Gundelfingen an der Donau Bayern
12%
11.068 Lauingen (Donau) Bayern
12%
7.326 Leipheim Bayern
12%
10.580 Riedlingen BW
12%
3.141 Fridingen an der Donau BW
9%
6.286 Geisingen BW
9%
5.384 Munderkingen BW
9%
8.541 Vohburg an der Donau Bayern
9%
2.498 Scheer BW
8%
6.879 Höchstädt an der Donau Bayern
7%
9.933 Mengen BW
7%
11.816 Osterhofen Bayern
7%
5.834 Bräunlingen BW
6%
3.858 Vöhrenbach BW
5%
7.921 Hüfingen BW
4%
Keine übereinstimmenden Quizze gefunden
Verteilung der Resultate
Anzahl Personen mit jedem Resultat
Perzentil nach korrekt beantworteten Fragen
Ihre Resultats-Entwicklung
Sie haben dieses Quiz seit der letzten Aktualisierung nicht gespielt